000 00483nam a22001817a 4500
003 CEME
005 20210628205615.0
008 210308b xxu||||| |||| 00| 0 eng d
020 _a81-7319-176-X
040 _c.
082 _a510 IND'S
100 _aSiddiqi, A. H Ahmed, K
_976234
245 _aIndustrial and applied mathematics
260 _aLONDON
_bNAROSA
_c1998
300 _a145P
650 _aAPPLIED MATHEMATICS-INDUSTRIAL APPLIED MATHEMATICS
_976235
942 _cBK
_2ddc
999 _c581636
_d581636